路線名の字を含む駅がないJR線 - Statistics

General Stats
  • This quiz has been taken 447 times
  • The average score is 8 of 19
Answer Stats
路線名 % Correct
宗谷本線
63%
山手線
63%
日高本線
59%
留萌本線
57%
札沼線
54%
石勝線
50%
両毛線
50%
奈良線
50%
湖西線
45%
片町線
40%
本四備讃線
39%
吾妻線
37%
播但線
37%
おおさか東線
35%
大船渡線
33%
肥薩線
32%
気仙沼線
31%
JR東西線
31%
海峡線
25%
No matching quizzes found
Score Distribution
Percent of People with Each Score
Percentile by Number Answered
Your Score History
You have not taken this quiz